000 00668cam a2200229 a 4500
001 000007925
005 20200929154343.0
008 941007s1993 sp 000 f spa
020 _a8423322599
040 _aDO-SdBNP
_cDLC
082 _a863.64
_bV632c, 1993
100 1 _aVicent, Manuel,
_d1936-
_913048
245 1 0 _aContra paraiso /
_cManuel Vicent.
250 _a4a ed.
260 _aBarcelona :
_bDestino,
_c1993.
300 _a231 p. ;
_c20 cm.
490 1 _aÁncora y delfín
_vvol. 695
650 4 _aNovela española
_91123
650 4 _aLiteratura española
_9632
830 0 _aÁncora y delfín ;
_vvol. 695
_94704
910 _aCatalogación por copia / LC
999 _c7703
_d7703